01282cam a22003854i 4500003000900000005001700009008004100026020001800067020001500085035002000100040003300120082002400153100004500177245011500222264006100337300004600398336002100444337002500465338002300490504003400513505019100547526001000738526001000748526001000758526001000768526000800778526000800786526000800794526000800802526000800810526000800818526000800826650003000834650003200864PE-LiUPU20250731173108.0181211s2018 miu r 001 0 eng d a9781540960290 a1540960293 a(Sirsi) a251006 aPE-LiUPUbspacPE-LiUPUerda04a261.835815bH512231 aHitchcock, Christina S.,d1972-,eautor.14aThe significance of singleness :ba theological vision for the future of the church /cChristina S. Hitchcock. 1aGrand Rapids, Michigan :bBaker Publishing Group,c2018. axxviii, 148 páginas ;c22 centímetros atext2rdacontent aunmediated2rdamedia avolume2rdacarrier aÍndice : páginas 147-148.0 aWhy singleness? -- Macrina: singleness and community -- Perpetua: singleness and identity -- Lottie Moon: singleness and authority -- How singleness can shape us into better theologians. aSEG42 aSEG41 aSEG40 aSEG39 aP94 aP87 aP86 aP85 aP77 aP76 aP3504aSolterosxVida religiosa.04aMujeres en el cristianismo.